[Event "Caioba Telecom op"]
[Site "Caioba"]
[Date "2018.08.05"]
[Round "9"]
[White "Ichimura G Barbosa, Larissa Yuki"]
[Black "Jabbar, Toyfeeq"]
[Result "1/2-1/2"]
[WhiteElo "1947"]
[BlackElo "2182"]
[PlyCount "43"]
[EventDate "2018.08.01"]
[EventType "swiss"]
[EventRounds "9"]
[EventCountry "BRA"]
[SourceTitle "CBM 186 Extra"]
[Source "ChessBase"]
[SourceDate "2018.08.24"]
[SourceVersion "1"]
[SourceVersionDate "2018.08.24"]
[SourceQuality "1"]

1. e4 c5 2. Nf3 g6 3. d4 cxd4 4. Nxd4 Nc6 5. c4 Nf6 6. Nc3 d6 7. Be2 Bg7 8. Be3 0-0 9. 0-0 Bd7 10. f3 Nxd4 11. Bxd4 Bc6 12. Qd2 a5 13. Nd5 Bxd5 14. cxd5 Nd7 15. b4 axb4 16. Bxg7 Kxg7 17. Qxb4 Nc5 18. a4 Qa5 19. Rfb1 Qxb4 20. Rxb4 Ra5 21. Bb5 f5 22. Re1 1/2-1/2

[Event "Caioba Telecom op"]
[Site "Caioba"]
[Date "2018.08.01"]
[Round "1"]
[White "Rodrigues Mota, Romulo Cardoso S"]
[Black "Jabbar, Toyfeeq"]
[Result "0-1"]
[WhiteElo "1470"]
[BlackElo "2182"]
[PlyCount "46"]
[EventDate "2018.08.01"]
[EventType "swiss"]
[EventRounds "9"]
[EventCountry "BRA"]
[SourceTitle "CBM 186 Extra"]
[Source "ChessBase"]
[SourceDate "2018.08.24"]
[SourceVersion "1"]
[SourceVersionDate "2018.08.24"]
[SourceQuality "1"]

1. e4 c5 2. Nf3 g6 3. Nc3 Bg7 4. d4 cxd4 5. Nxd4 Nc6 6. Be3 Nf6 7. f3 0-0 8. Qd2 d5 9. 0-0-0 dxe4 10. fxe4 Ng4 11. Nxc6 Qxd2+ 12. Bxd2 bxc6 13. Re1 Be6 14. Kb1 Rfd8 15. Bc1 Nf2 16. Rg1 Bxc3 17. bxc3 Rab8+ 18. Ka1 Nxe4 19. Bf4 Nd6 20. Bd3 Rb7 21. Be3 Nf5 22. Bc5 Rd5 23. Bb4 Nd6 0-1

[Event "Curitiba"]
[Site "Curitiba"]
[Date "2009.02.07"]
[Round "7"]
[White "Gonzalez, Bolivar Ribeiro"]
[Black "Jabbar, Toyfeeq"]
[Result "1-0"]
[WhiteElo "2269"]
[BlackElo "2211"]
[PlyCount "115"]
[EventDate "2009.02.02"]
[EventType "tourn"]
[EventRounds "10"]
[EventCountry "BRA"]
[EventCategory "4"]
[SourceTitle "CBM 128 Extra"]
[Source "ChessBase"]
[SourceDate "2009.03.05"]
[SourceVersion "2"]
[SourceVersionDate "2009.03.25"]
[SourceQuality "1"]

1. e4 c5 2. Nf3 g6 3. d4 cxd4 4. Nxd4 Nc6 5. Nc3 Bg7 6. Be3 Nf6 7. Bc4 0-0 8. Bb3 d6 9. f3 Na5 10. Qd2 Nxb3 11. axb3 d5 12. e5 Nd7 13. f4 e6 14. h4 Re8 15. Nf3 b6 16. h5 Bb7 17. hxg6 fxg6 18. Ng5 Nf8 19. Bd4 Qd7 20. g4 Bc6 21. Qh2 h6 22. Nh3 Re7 23. Qe2 Kf7 24. 0-0-0 Ke8 25. Rh2 Kd8 26. Bf2 Kc8 27. Bh4 Rf7 28. Ne4 dxe4 29. Rxd7 Nxd7 30. Qc4 Kb7 31. Qxe6 Raf8 32. Be7 Nc5 33. Bxc5 bxc5 34. Qxg6 e3 35. Qd6 Rxf4 36. Nxf4 Rxf4 37. Kb1 Rf2 38. Rh3 Bf8 39. Qd8 e2 40. Re3 c4 41. Rxe2 Rf1+ 42. Ka2 cxb3+ 43. Kxb3 Rf4 44. e6 Bc5 45. e7 Rd4 46. Qxd4 Bxd4 47. e8Q Bxe8 48. Rxe8 Bf6 49. Re6 Bg5 50. Kc4 Bc1 51. b4 Bg5 52. b5 Bd2 53. Kd5 Bg5 54. c4 Bd2 55. c5 Bg5 56. Rg6 Bf4 57. Rg7+ Kb8 58. Kc6 1-0

[Event "Curitiba"]
[Site "Curitiba"]
[Date "2009.02.05"]
[Round "5"]
[White "Mareco, Sandro"]
[Black "Jabbar, Toyfeeq"]
[Result "1/2-1/2"]
[WhiteElo "2503"]
[BlackElo "2211"]
[PlyCount "47"]
[EventDate "2009.02.02"]
[EventType "tourn"]
[EventRounds "10"]
[EventCountry "BRA"]
[EventCategory "4"]
[SourceTitle "CBM 128 Extra"]
[Source "ChessBase"]
[SourceDate "2009.03.05"]
[SourceVersion "2"]
[SourceVersionDate "2009.03.25"]
[SourceQuality "1"]

1. d4 Nf6 2. c4 e6 3. Nc3 Bb4 4. e3 b6 5. Bd3 Bb7 6. Nf3 Bxc3+ 7. bxc3 Ne4 8. Ba3 d6 9. Qc2 f5 10. d5 exd5 11. cxd5 Bxd5 12. c4 Bb7 13. Nd4 0-0 14. 0-0 Qe7 15. f3 Nc5 16. Nxf5 Rxf5 17. Bxf5 Qxe3+ 18. Qf2 Qxa3 19. Qh4 Qe3+ 20. Kh1 Nbd7 21. Qxh7+ Kf8 22. Qh8+ Kf7 23. Qh5+ Kf8 24. Qh8+ 1/2-1/2

[Event "Curitiba"]
[Site "Curitiba"]
[Date "2009.02.02"]
[Round "1"]
[White "Jabbar, Toyfeeq"]
[Black "Disconzi da Silva, Rodrigo"]
[Result "0-1"]
[WhiteElo "2211"]
[BlackElo "2368"]
[PlyCount "64"]
[EventDate "2009.02.02"]
[EventType "tourn"]
[EventRounds "10"]
[EventCountry "BRA"]
[EventCategory "4"]
[SourceTitle "CBM 128 Extra"]
[Source "ChessBase"]
[SourceDate "2009.03.05"]
[SourceVersion "2"]
[SourceVersionDate "2009.03.25"]
[SourceQuality "1"]

1. d4 Nf6 2. c4 e6 3. Nc3 Bb4 4. e3 c5 5. Nge2 b6 6. a3 Ba5 7. Rb1 Na6 8. Bd2 Bb7 9. Nf4 0-0 10. Be2 Bxc3 11. Bxc3 Ne4 12. Qc2 Nxc3 13. Qxc3 Qf6 14. Qd2 d6 15. 0-0 Rad8 16. b4 Rd7 17. d5 e5 18. Nh5 Qh6 19. f4 exf4 20. exf4 f5 21. Rb3 g6 22. Rg3 Kf7 23. Rg5 gxh5 24. Bxh5+ Ke7 25. Re1+ Kd8 26. Re6 Rf6 27. b5 Rxe6 28. dxe6 Qxe6 29. bxa6 Bxa6 30. Be2 h6 31. Rg3 Bxc4 32. Qc3 Qxe2 0-1